Statistics for US State General Knowledge #7 - Idaho

Click here to take the quiz!

General Stats

  • This quiz has been taken 150 times
    (148 since last reset)
  • The average score is 22 of 32

Answer Stats

HintAnswer% Correct
210,281 | CapitalBoise
98%
Neighboring statesWashington
98%
Does Idaho vote democratic or republican?Republican
97%
AbbreviationID
97%
Oregon
97%
Montana
95%
Utah
95%
Wyoming
93%
Nevada
93%
Which two explorers entered Idaho in 1805?Meriwether Lewis
88%
William Clark
82%
National Park located a bit in this stateYellowstone
81%
Museum devoted to a cropIdaho Potato Museum
79%
Bordering provinceBritish Columbia
78%
Longest riverSnake River
77%
59,184Idaho Falls
67%
NicknameThe Gem State
65%
89,839Nampa
63%
54,441Pocatello
62%
Indians, the French word means "pierced nose"Nez Perce
59%
90,739Meridian
58%
DemonymIdahoan
55%
Deepest gorge in the United StatesHells Canyon
53%
Most populous countyAda County
52%
Major city in northern IdahoCoeur d'Alene
48%
Great lava fieldsCraters of the Moon
45%
Highest peakBorah Peak
42%
Falls called sometimes "Niagara of the West"Shoshone Falls
42%
Year of statehood1890
40%
First city to be lit by electricity generated by nuclear powerArco
30%
Oldest building in IdahoCataldo Mission
16%

Score Distribution

Percentile by Number Answered

Percent of People with Each Score

Your Score History

You have not taken this quiz since the last reset